Statistics for European Capital of Culture

Click here to take the quiz!

General Stats

  • This quiz has been taken 263 times
  • The average score is 24 of 50

Answer Stats

YearCountryCity% Correct
1985GreeceAthens
94%
1989FranceParis
92%
1987NetherlandsAmsterdam
89%
1992SpainMadrid
89%
1988GermanyBerlin
88%
1991IrelandDublin
88%
1994PortugalLisbon
86%
2000BelgiumBrussels
82%
1995LuxembourgLuxembourg
82%
2007LuxembourgLuxembourg
82%
1998SwedenStockholm
82%
1996DenmarkCopenhagen
77%
2000FinlandHelsinki
75%
2000Czech RepublicPrague
70%
1986ItalyFlorence
69%
2010TurkeyIstanbul
66%
2013FranceMarseille
65%
2000IcelandReykjavík
61%
2014LatviaRiga
61%
2001PortugalPorto
60%
2008United KingdomLiverpool
57%
1993BelgiumAntwerp
56%
2000PolandKraków
55%
2000NorwayBergen
52%
1990United KingdomGlasgow
52%
2001NetherlandsRotterdam
52%
2011EstoniaTallinn
52%
2009LithuaniaVilnius
52%
2005IrelandCork
51%
1997GreeceThessaloniki
44%
2002BelgiumBruges
30%
2004ItalyGenoa
30%
2003AustriaGraz
30%
2004FranceLille
30%
2000ItalyBologna
23%
2009AustriaLinz
23%
2010GermanyEssen
22%
2011FinlandTurku
22%
2012SloveniaMaribor
15%
2013SlovakiaKošice
11%
2010HungaryPécs
10%
2002SpainSalamanca
10%
2008NorwayStavanger
10%
2006GreecePatras
9%
2014SwedenUmeå
8%
2000FranceAvignon
7%
2007RomaniaSibiu
7%
2012PortugalGuimarães
6%
2000SpainSantiago de Compostela
6%
1999GermanyWeimar
6%

Score Distribution

Percentile by Number Answered

Percent of People with Each Score

Your Score History

You have not taken this quiz